| 000 | 00780nam a2200289Ia 4500 | ||
|---|---|---|---|
| 005 | 20250425161916.0 | ||
| 008 | 250425s9999 xx 000 0 und d | ||
| 020 | _a958410148X | ||
| 041 | _aspa | ||
| 043 | _ack | ||
| 082 | _a658.812 | ||
| 100 | _aJAY, ROS | ||
| 245 | 0 | _aSMART: LO FUNDAMENTAL Y LO MAS EFECTIVO ACERCA DE LOS CLIENTES | |
| 250 | _a1A ED. | ||
| 260 | _aBOGOTA | ||
| 260 |
_aColombia _bMCGRAW-HILL _c2000 |
||
| 300 | _a197 | ||
| 500 | _aTÃtulo Traducido: SMART THINGS TO KNOW ABOUT CUSTOMERS | ||
| 650 | _aCLIENTES | ||
| 650 | _aMARKETING ESTRATEGICO | ||
| 650 | _aRELACIONES EN EL MERCADO | ||
| 650 | _aSERVICIO AL CLIENTE | ||
| 700 |
_aGUSTAVO ELIAS FONSECA _etraductor |
||
| 710 | _aMCGRAW-HILL, INC. | ||
| 942 | _c01 | ||
| 010 | _a34627 | ||
| 999 |
_c218639 _d218639 |
||